Wortschatz Französisch – Auf dem Land und in der Natur - Statistiken

Allgemein
  • Dieses Quiz wurde 66 mal gespielt
  • Das Durchschnittsergebnis liegt bei 14 aus 26
Antwortstatistiken
Französisch Deutsch % Korrekt
la montagne der {Berg}
98%
la fleur die {Blume}
91%
le fruit die {Frucht}
91%
la forêt der {Wald}
89%
la rivière der {Fluss}
87%
le lac der {See}
85%
le jardin der {Garten}
81%
l'arbre der {Baum}
75%
la plante die {Pflanze}
75%
les légumes das {Gemüse}
74%
à la campagne auf dem {Land}
72%
le tracteur der {Traktor}
72%
les céréales das {Getreide}
70%
la vallée das {Tal}
64%
le fumier der {Mist}haufen
58%
la chute d'eau der {Wasserfall}
47%
le champ das {Feld}
36%
la ferme der {Bauernhof}
30%
le paysan der {Bauer}
26%
l'étable der {Stall}
19%
la récolte die {Ernte}
19%
la pelouse der {Rasen}
17%
le pré die {Wiese}
15%
la haie die {Hecke}
13%
la grange die {Scheune}
13%
le foin das {Heu}
11%
Keine übereinstimmenden Quizze gefunden
Verteilung der Resultate
Anzahl Personen mit jedem Resultat
Perzentil nach korrekt beantworteten Fragen
Ihre Resultats-Entwicklung
Sie haben dieses Quiz noch nicht gespielt